| 000 | 00928cam a22002894a 4500 | ||
|---|---|---|---|
| 999 |
_c5893 _d5893 |
||
| 001 | 13078595 | ||
| 005 | 20170802103953.0 | ||
| 008 | 011206s2001 enk b 000 0 eng | ||
| 010 | _a 2003386838 | ||
| 020 | _a1902683455 | ||
| 020 | _a1902683463 (pbk.) | ||
| 035 | _a(UkLWHE)b000146558 | ||
| 040 |
_aDLC _cDLC |
||
| 042 | _apcc | ||
| 050 | 0 | 0 |
_aB837 _b.G37 2002 |
| 100 | 1 |
_aGascoigne, Neil. _934387 |
|
| 245 | 1 | 0 |
_aScepticism / _cNeil Gascoigne. |
| 260 |
_aChesham : _bAcumen, _c2002. |
||
| 300 |
_a218 p. ; _c20 cm. |
||
| 440 | 0 |
_aCentral problems of philosophy _914835 |
|
| 504 | _aIncludes bibliographical references (p. [207]-212). | ||
| 650 | 0 |
_aSkepticism. _9499 |
|
| 906 |
_a7 _bcbc _corigres _d2 _encip _f20 _gy-gencatlg |
||
| 942 |
_2lcc _cMONOGRAPH |
||